[Event "DEM U14 2025"]
[Site "Willingen GER"]
[Date "2025.06.14"]
[Round "9"]
[White "Meitzner, Johan Eduard"]
[Black "Park, Manuel"]
[Result "0-1"]
[Termination "normal"]
[Board "20"]
[WhiteElo "1714"]
[BlackElo "1828"]
[WhiteClock "00:50:20"]
[BlackClock "00:37:40"]
[PlyCount "59"]
[WhiteFideId "34623612"]
[BlackFideId "34629114"]
[EventCountry "GER"]
[EventRounds "9"]
[EventType "swiss"]
[EventDate "2025.06.07"]

1. d4 {[%clk 01:30:59]} Nf6 {[%clk 01:30:50]} {[%emt 00:00:10]} 2. Nf3 {[%clk
01:31:12]} {[%emt 00:00:17]} g6 {[%clk 01:30:53]} {[%emt 00:00:27]} 3. c3
{[%clk 01:31:33]} {[%emt 00:00:10]} Bg7 {[%clk 01:31:02]} {[%emt 00:00:19]} 4.
h3 {[%clk 01:31:58]} {[%emt 00:00:06]} d6 {[%clk 01:30:54]} {[%emt 00:00:38]}
5. Bf4 {[%clk 01:31:51]} {[%emt 00:00:35]} O-O {[%clk 01:31:05]} {[%emt
00:00:20]} 6. e3 {[%clk 01:31:19]} {[%emt 00:01:03]} Nfd7 {[%clk 01:30:46]}
{[%emt 00:00:49]} 7. Bh2 {[%clk 01:28:54]} {[%emt 00:02:54]} e5 {[%clk
01:30:57]} {[%emt 00:00:20]} 8. dxe5 {[%clk 01:28:37]} {[%emt 00:00:48]} dxe5
{[%clk 01:31:15]} {[%emt 00:00:11]} 9. Be2 {[%clk 01:27:07]} {[%emt 00:02:00]}
Qe7 {[%clk 01:30:32]} {[%emt 00:01:12]} 10. Nbd2 {[%clk 01:25:18]} {[%emt
00:02:19]} Nc6 {[%clk 01:29:42]} {[%emt 00:01:20]} 11. O-O {[%clk 01:25:01]}
{[%emt 00:00:48]} Nb6 {[%clk 01:28:47]} {[%emt 00:01:24]} 12. Qc2 {[%clk
01:20:13]} {[%emt 00:05:16]} Be6 {[%clk 01:27:27]} {[%emt 00:01:51]} 13. Rfd1
{[%clk 01:18:22]} {[%emt 00:02:20]} f5 {[%clk 01:26:22]} {[%emt 00:01:36]} 14.
Bg3 {[%clk 01:17:24]} {[%emt 00:01:25]} h6 {[%clk 01:22:09]} {[%emt 00:04:45]}
15. Nb3 {[%clk 01:09:51]} {[%emt 00:08:04]} a5 {[%clk 01:19:23]} {[%emt
00:03:16]} 16. Bb5 {[%clk 01:07:18]} {[%emt 00:03:02]} Kh7 {[%clk 01:15:32]}
{[%emt 00:04:22]} 17. Bxc6 {[%clk 01:06:56]} {[%emt 00:00:53]} bxc6 {[%clk
01:15:53]} {[%emt 00:00:08]} 18. Bh4 {[%clk 01:06:00]} {[%emt 00:01:24]} Qf7
{[%clk 00:52:55]} {[%emt 00:23:29]} 19. Bg3 {[%clk 01:02:33]} {[%emt 00:03:54]}
Nd7 {[%clk 00:51:41]} {[%emt 00:01:48]} 20. Rxd7 {[%clk 00:54:24]} {[%emt
00:08:39]} Qxd7 {[%clk 00:45:53]} {[%emt 00:06:18]} 21. Bxe5 {[%clk 00:54:25]}
{[%emt 00:00:29]} Bxe5 {[%clk 00:43:34]} {[%emt 00:02:49]} 22. Nxe5 {[%clk
00:54:45]} {[%emt 00:00:10]} Qd6 {[%clk 00:43:54]} {[%emt 00:00:08]} 23. Nf3
{[%clk 00:54:45]} {[%emt 00:00:31]} Rfd8 {[%clk 00:39:17]} {[%emt 00:05:08]}
24. Nfd4 {[%clk 00:54:09]} {[%emt 00:01:05]} Bd5 {[%clk 00:39:03]} {[%emt
00:00:44]} 25. Rd1 {[%clk 00:52:09]} {[%emt 00:02:27]} Be4 {[%clk 00:38:15]}
{[%emt 00:01:21]} 26. Qe2 {[%clk 00:51:20]} {[%emt 00:01:19]} c5 {[%clk
00:38:29]} {[%emt 00:00:16]} 27. f3 {[%clk 00:51:06]} {[%emt 00:00:44]} Bb7
{[%clk 00:38:43]} {[%emt 00:00:15]} 28. Qb5 {[%clk 00:50:53]} {[%emt 00:00:44]}
cxd4 {[%clk 00:37:37]} {[%emt 00:01:35]} 29. Qxb7 {[%clk 00:50:48]} {[%emt
00:00:35]} Rdb8 {[%clk 00:37:40]} {[%emt 00:00:27]} 30. Qxb8 {[%clk 00:50:20]}
{[%emt 00:00:58]} 0-1

[Event "DEM U14 2025"]
[Site "Willingen GER"]
[Date "2025.06.14"]
[Round "9"]
[White "Krüger, Moritz"]
[Black "Vakeel, Eshwar"]
[Result "1-0"]
[Termination "normal"]
[Board "21"]
[WhiteElo "1785"]
[BlackElo "1720"]
[WhiteClock "00:05:45"]
[BlackClock "00:18:45"]
[PlyCount "105"]
[WhiteFideId "34608923"]
[BlackFideId "34626514"]
[EventCountry "GER"]
[EventRounds "9"]
[EventType "swiss"]
[EventDate "2025.06.07"]

1. d4 {[%clk 01:30:28]} {[%emt 00:00:32]} Nf6 {[%clk 01:30:50]} {[%emt
00:00:10]} 2. Nf3 {[%clk 01:29:43]} {[%emt 00:01:14]} e6 {[%clk 01:31:08]}
{[%emt 00:00:12]} 3. g3 {[%clk 01:29:34]} {[%emt 00:00:39]} b6 {[%clk
01:31:26]} {[%emt 00:00:12]} 4. Bg2 {[%clk 01:29:10]} {[%emt 00:00:54]} Bb7
{[%clk 01:31:48]} {[%emt 00:00:08]} 5. O-O {[%clk 01:28:47]} {[%emt 00:00:52]}
Be7 {[%clk 01:32:07]} {[%emt 00:00:11]} 6. c4 {[%clk 01:28:38]} {[%emt
00:00:39]} O-O {[%clk 01:32:30]} {[%emt 00:00:07]} 7. Nc3 {[%clk 01:27:56]}
{[%emt 00:01:10]} d5 {[%clk 01:32:02]} {[%emt 00:01:01]} 8. Ne5 {[%clk
01:25:43]} {[%emt 00:02:44]} Nbd7 {[%clk 01:08:43]} {[%emt 00:23:48]} 9. cxd5
{[%clk 01:19:53]} {[%emt 00:06:19]} Nxd5 {[%clk 01:05:40]} {[%emt 00:03:33]}
10. Nxd5 {[%clk 01:18:48]} {[%emt 00:01:35]} Bxd5 {[%clk 01:05:35]} {[%emt
00:00:36]} 11. Bxd5 {[%clk 01:17:55]} {[%emt 00:01:22]} exd5 {[%clk 01:05:40]}
{[%emt 00:00:25]} 12. Nc6 {[%clk 01:17:30]} {[%emt 00:00:55]} Qe8 {[%clk
01:05:45]} {[%emt 00:00:25]} 13. Bf4 {[%clk 01:16:20]} {[%emt 00:01:39]} Nb8
{[%clk 00:55:47]} {[%emt 00:10:30]} 14. Nxb8 {[%clk 01:13:51]} {[%emt
00:02:59]} Qxb8 {[%clk 00:56:10]} {[%emt 00:00:07]} 15. Rc1 {[%clk 01:09:46]}
{[%emt 00:04:35]} Rc8 {[%clk 00:56:21]} {[%emt 00:00:20]} 16. Rc6 {[%clk
01:07:54]} {[%emt 00:02:21]} Qb7 {[%clk 00:55:20]} {[%emt 00:01:31]} 17. Qc2
{[%clk 01:05:56]} {[%emt 00:02:28]} Bc5 {[%clk 00:40:51]} {[%emt 00:14:59]} 18.
Rxc7 {[%clk 00:59:57]} {[%emt 00:06:29]} Rxc7 {[%clk 00:41:09]} {[%emt
00:00:12]} 19. Bxc7 {[%clk 00:58:50]} {[%emt 00:01:37]} Bxd4 {[%clk 00:35:21]}
{[%emt 00:06:18]} 20. Bf4 {[%clk 00:56:42]} {[%emt 00:02:37]} Rc8 {[%clk
00:29:32]} {[%emt 00:06:17]} 21. Qd2 {[%clk 00:53:53]} {[%emt 00:03:21]} Bf6
{[%clk 00:29:03]} {[%emt 00:00:58]} 22. Rc1 {[%clk 00:52:40]} {[%emt 00:01:43]}
Rxc1+ {[%clk 00:25:43]} {[%emt 00:03:51]} 23. Qxc1 {[%clk 00:51:38]} {[%emt
00:01:32]} h6 {[%clk 00:24:38]} {[%emt 00:01:34]} 24. Qc2 {[%clk 00:49:38]}
{[%emt 00:02:30]} Qa6 {[%clk 00:17:27]} {[%emt 00:07:41]} 25. b3 {[%clk
00:46:50]} {[%emt 00:03:17]} Qb7 {[%clk 00:17:32]} {[%emt 00:00:27]} 26. a4
{[%clk 00:42:35]} {[%emt 00:04:45]} a6 {[%clk 00:17:25]} {[%emt 00:00:37]} 27.
h4 {[%clk 00:33:47]} {[%emt 00:09:17]} Qd7 {[%clk 00:15:28]} {[%emt 00:02:27]}
28. Kf1 {[%clk 00:27:49]} {[%emt 00:06:27]} Be7 {[%clk 00:10:14]} {[%emt
00:05:45]} 29. Qc7 {[%clk 00:23:26]} {[%emt 00:04:53]} Qh3+ {[%clk 00:10:11]}
{[%emt 00:00:33]} 30. Kg1 {[%clk 00:19:54]} {[%emt 00:04:01]} Qe6 {[%clk
00:07:30]} {[%emt 00:03:11]} 31. Be3 {[%clk 00:16:44]} {[%emt 00:03:40]} b5
{[%clk 00:07:20]} {[%emt 00:00:40]} 32. Qb8+ {[%clk 00:12:57]} {[%emt
00:04:16]} Bf8 {[%clk 00:06:53]} {[%emt 00:00:57]} 33. Bc5 {[%clk 00:09:57]}
{[%emt 00:03:30]} Kh7 {[%clk 00:05:01]} {[%emt 00:02:22]} 34. Qxf8 {[%clk
00:08:48]} {[%emt 00:01:38]} bxa4 {[%clk 00:04:29]} {[%emt 00:01:03]} 35. bxa4
{[%clk 00:06:18]} {[%emt 00:03:01]} Qxe2 {[%clk 00:04:41]} {[%emt 00:00:17]}
36. Qxf7 {[%clk 00:05:10]} {[%emt 00:01:39]} d4 {[%clk 00:04:05]} {[%emt
00:01:07]} 37. Qf5+ {[%clk 00:02:21]} {[%emt 00:03:19]} Kh8 {[%clk 00:04:00]}
{[%emt 00:00:34]} 38. Qd5 {[%clk 00:01:31]} {[%emt 00:01:19]} d3 {[%clk
00:03:25]} {[%emt 00:01:06]} 39. Be3 {[%clk 00:00:46]} {[%emt 00:01:15]} Kh7
{[%clk 00:01:40]} {[%emt 00:02:16]} 40. Qe4+ {[%clk 00:00:33]} {[%emt
00:00:42]} Kh8 {[%clk 00:01:07]} {[%emt 00:01:03]} 41. Qd4 {[%clk 00:27:57]}
{[%emt 00:03:06]} Kh7 {[%clk 00:27:38]} {[%emt 00:03:58]} 42. Kg2 {[%clk
00:24:43]} {[%emt 00:03:44]} Qc2 {[%clk 00:24:31]} {[%emt 00:03:36]} 43. a5
{[%clk 00:22:49]} {[%emt 00:02:26]} Qc6+ {[%clk 00:23:46]} {[%emt 00:01:16]}
44. Kh2 {[%clk 00:19:37]} {[%emt 00:03:41]} Qc2 {[%clk 00:19:40]} {[%emt
00:04:36]} 45. Qe4+ {[%clk 00:14:44]} {[%emt 00:05:23]} Kh8 {[%clk 00:20:04]}
{[%emt 00:00:06]} 46. Qa8+ {[%clk 00:13:55]} {[%emt 00:01:20]} Kh7 {[%clk
00:20:31]} {[%emt 00:00:04]} 47. Qxa6 {[%clk 00:12:26]} {[%emt 00:01:58]} d2
{[%clk 00:20:52]} {[%emt 00:00:09]} 48. Bxd2 {[%clk 00:11:57]} {[%emt
00:00:58]} Qxd2 {[%clk 00:21:17]} {[%emt 00:00:05]} 49. Qb6 {[%clk 00:10:57]}
{[%emt 00:01:30]} g5 {[%clk 00:21:09]} {[%emt 00:00:39]} 50. h5 {[%clk
00:09:46]} {[%emt 00:01:41]} Kg8 {[%clk 00:20:17]} {[%emt 00:01:22]} 51. a6
{[%clk 00:08:56]} {[%emt 00:01:20]} Qe2 {[%clk 00:18:51]} {[%emt 00:01:56]} 52.
a7 {[%clk 00:07:34]} {[%emt 00:01:53]} Qxh5+ {[%clk 00:18:45]} {[%emt
00:00:35]} 53. Kg2 {[%clk 00:05:45]} {[%emt 00:02:19]} 1-0